| 000 | 00840nam a2200241 u 4500 | ||
|---|---|---|---|
| 001 | 000002032 | ||
| 005 | 20200929145815.0 | ||
| 008 | 090630s2006 dr a 000 0 spa d | ||
| 020 | _a9993425672 | ||
| 040 |
_aDO-SdBNP _bspa _cBNPHU |
||
| 082 |
_a625.7 _bM828i |
||
| 100 | 1 |
_aMorales Sosa, Hugo Andrés _96557 |
|
| 245 | 1 | 0 |
_aIngeniería vial I / _cHugo Andrés Morales Sosa. |
| 260 |
_aSanto Domingo : _bInstituto Tecnológico de Santo Domingo, _c2006. |
||
| 300 |
_a210 p. : _bil. ; _c28 cm. |
||
| 500 | _aIncluye índice | ||
| 500 | _aIncluye datos biográficos del autor en la contra cubierta | ||
| 650 | 4 |
_aIngenieria del transito _96558 |
|
| 650 | 4 |
_aTransporte _96559 |
|
| 650 | 4 |
_aConstruccion de carreteras _zRepública Dominicana _96560 |
|
| 650 | 4 |
_aDrenaje de carreteras _96561 |
|
| 910 | _aValidado. Control de calidad MMOLINA | ||
| 999 |
_c1897 _d1897 |
||